<The> Evaluation of Foreign Trade Between Slovakia and the Western Balkans Based on the Analysis of the Trade Intensity Index

Rozvoj zahraničnoobchodných vzťahov medzi Slovenskom a západným Balkánom. Vyhodnotenie obchodných vzťahov Slovenska s krajinami západného Balkánu na základe analýzy indexu obchodnej intenzity. Ekonomické prostredie v krajinách západného Balkánu. Určenie možného ďalšieho vývoja. Západný Balkán ako po...

ver descrição completa

Na minha lista:
Detalhes bibliográficos
Autor principal: Kašťáková, Elena, 1974-
Outros Autores: Chlebcová, Andrea, 1991-
Formato: Capítulo de Livro
Idioma:inglês
Assuntos:
Tags: Adicionar Tag
Sem tags, seja o primeiro a adicionar uma tag!

MARC

LEADER 00000naa$a2200000$$$4500
001 0270973
005 20240502083817.8
041 0 |a eng 
044 |a CZ 
245 1 0 |a <The> Evaluation of Foreign Trade Between Slovakia and the Western Balkans Based on the Analysis of the Trade Intensity Index  |c Elena Kašťáková, Andrea Chlebcová 
520 |a Rozvoj zahraničnoobchodných vzťahov medzi Slovenskom a západným Balkánom. Vyhodnotenie obchodných vzťahov Slovenska s krajinami západného Balkánu na základe analýzy indexu obchodnej intenzity. Ekonomické prostredie v krajinách západného Balkánu. Určenie možného ďalšieho vývoja. Západný Balkán ako potenciálny dôležitý partner z hľadiska dodávateľov surovín pre ďalšie spracovanie na Slovensku. 
610 2 0 |a obchod zahraničný 
610 2 0 |a vzťahy obchodné 
610 2 0 |a dodávatelia 
610 2 0 |a Balkán 
610 2 0 |a Slovensko 
100 1 |a Kašťáková, Elena, 1974- 
700 1 |a Chlebcová, Andrea, 1991-